How to raise your children in God's love. (Record no. 14739)

000 -LEADER
fixed length control field 00616nam a2200181 a 4500
001 - CONTROL NUMBER
control field :::00012573$&:&@@
003 - CONTROL NUMBER IDENTIFIER
control field OkBaRHE
005 - DATE AND TIME OF LATEST TRANSACTION
control field 20000607103420.0
008 - FIXED-LENGTH DATA ELEMENTS--GENERAL INFORMATION
fixed length control field s1982 j 000 0 eng u
040 ## - CATALOGING SOURCE
Transcribing agency
100 1# - MAIN ENTRY--PERSONAL NAME
Personal name Roberts, Evelyn, 1917-
245 10 - TITLE STATEMENT
Title How to raise your children in God's love.
260 ## - PUBLICATION, DISTRIBUTION, ETC. (IMPRINT)
Place of publication, distribution, etc Tulsa, OK., :
Name of publisher, distributor, etc Oral Roberts Evangelistic Association
Date of publication, distribution, etc c1982
300 ## - PHYSICAL DESCRIPTION
Extent 23 p. : illus. ;
Dimensions 14 cm.
650 ## - SUBJECT ADDED ENTRY--TOPICAL TERM
Topical term or geographic name as entry element Child Rearing
General subdivision Religious Aspects
-- Christianity
942 ## - ADDED ENTRY ELEMENTS (KOHA)
Source of classification or shelving scheme
Koha item type Books
Copies
Permanent Location Source of classification or shelving scheme Withdrawn status Lost status Shelving location Not for loan Koha item type Date last seen Full call number Barcode Damaged status Price effective from Date acquired Copy number
RHEMA Bible Training College   General Stacks Books2010-04-14HQ 769.3 .R58812573 2010-04-142010-04-141